00734nam a2200205 i 4500001001000000003000900010005001700019007000300036008004100039040003100080082002000111100003900131245009400170264011000264300002700374336002700401337003300428338002800461504003900489000029278DO-SdBNP20241015142248.0ta110414s1998 dr 000 0 spa d aDO-SdBNPbspacBNPHU erda 4axxxxbH558n2221 aHernández, Ricardo,eautor4aut.10aNotas sobre la participación haitiana en la Guerra Restauradora /cRicardo Hernández. 4aSanto Domingo :bEditora Universidad Regional, Instituto Tecnológico del Cibao Oriental (ITECO),c1998. a33 páginas ;c22 cm. atextobtxt2rdacontent asin mediaciónbn2rdamedia avolumenbnc2rdacarrier aBibliográficas : páginas 31-32